Sattothari hindi ke muslim upanyasakar/ (Record no. 40865)

000 -LEADER
fixed length control field 00441nam a22001691a 4500
020 ## - INTERNATIONAL STANDARD BOOK NUMBER
ISBN 9788186762141
082 ## - DEWEY DECIMAL CLASSIFICATION NUMBER
Classification number H300 9
Item number DIL/S
100 ## - MAIN ENTRY--AUTHOR NAME
Personal name Dilshaad Zilani
245 ## - TITLE STATEMENT
Title Sattothari hindi ke muslim upanyasakar/
Statement of responsibility, etc by Dilshaad Zilani
260 ## - PUBLICATION, DISTRIBUTION, ETC. (IMPRINT)
Place of publication New Delhi:
Name of publisher Dilpreeth,
Year of publication 1998.
300 ## - PHYSICAL DESCRIPTION
Number of Pages 273p.
500 ## - GENERAL NOTE
General note Dilshad Jilani
650 ## - SUBJECT ADDED ENTRY--TOPICAL TERM
Topical Term Novel Hindi Criticism
650 ## - SUBJECT ADDED ENTRY--TOPICAL TERM
Topical Term Literature Hindi
650 ## - SUBJECT ADDED ENTRY--TOPICAL TERM
Topical Term Literature
942 ## - ADDED ENTRY ELEMENTS (KOHA)
Koha item type Book
Holdings
Withdrawn status Lost status Damaged status Not for loan Permanent Location Current Location Shelving location Date acquired Cost, normal purchase price Full call number Accession Number Cost, replacement price Price effective from Koha item type
        Sree Sankaracharya University of Sanskrit Sree Sankaracharya University of Sanskrit Stacks 08.01.2015 350.00 H3009 DIL/S 019501 0.00 08.01.2015 Book